000 00243nam a2200109Ia 4500
008 190913s9999||||xx |||||||||||||| ||und||
100 _aPatrick Sebranek
245 0 _aWriters Inc
260 _aKarachi
_bBPB
_c2000
300 _a975
942 _cBK
999 _c8208
_d8208